000 00765nas a2200241 4500
001 BR9208396
003 BR-BrBNA
005 20231205093109.0
007 ta
008 230509b bl.|||p| |||| 00| 00por d
040 _aBR-BrBNA
_bpor
_cBiblioteca Nacional de Agricultura
041 _a(Pt)
072 _aK50; U10
100 1 _aPaula, E.V.C.M. de
100 1 _aSilva, A.B. da
245 1 _aSubsidios para o dimensionamento de pecas solidas de madeira submetidas a compressao paralela
650 _aMADEIRA
650 _aPROPRIEDADE FISICO-QUIMICA
650 _aMODELO MATEMATICO
773 0 _tActa Amazonica (Brazil)
_xISSN 0044-5967
_g(Jul-Dec 1988), v. 18(3-4) p. 221-242
_wBR9208396
909 _a202311
_bLúcia
_c55
_dLúcia Elande
942 _2AGRIS
_n0
_cANA
999 _c136216
_d136216